<?xml version="1.0" encoding="UTF-8"?>
<record
    xmlns:xsi="http://www.w3.org/2001/XMLSchema-instance"
    xsi:schemaLocation="http://www.loc.gov/MARC21/slim http://www.loc.gov/standards/marcxml/schema/MARC21slim.xsd"
    xmlns="http://www.loc.gov/MARC21/slim">

  <leader>01673nam a22003017a 4500</leader>
  <controlfield tag="003">DO-SdBNP</controlfield>
  <controlfield tag="005">20240301135835.0</controlfield>
  <controlfield tag="007">ta</controlfield>
  <controlfield tag="008">220207b    1969   ||||e |||| 001 0 spa d</controlfield>
  <datafield tag="040" ind1=" " ind2=" ">
    <subfield code="a">DO-SdBNP</subfield>
    <subfield code="b">spa</subfield>
    <subfield code="c">BNPHU</subfield>
  </datafield>
  <datafield tag="082" ind1=" " ind2="4">
    <subfield code="a">370. 15</subfield>
    <subfield code="b">S211p, 1969</subfield>
    <subfield code="2">22</subfield>
  </datafield>
  <datafield tag="100" ind1="1" ind2=" ">
    <subfield code="a">  S&#xE1;nchez-Hidalgo, Efra&#xED;n Sigisfredo.</subfield>
    <subfield code="d">1918-1974</subfield>
    <subfield code="9">81171</subfield>
  </datafield>
  <datafield tag="245" ind1="1" ind2="0">
    <subfield code="a">Psicolog&#xED;a educativa / </subfield>
    <subfield code="c">Efra&#xED;n S&#xE1;nchez Hidalgo </subfield>
  </datafield>
  <datafield tag="250" ind1=" " ind2=" ">
    <subfield code="a">6a. ed., rev.</subfield>
  </datafield>
  <datafield tag="260" ind1=" " ind2=" ">
    <subfield code="a">M&#xE9;xico, D. F.  :</subfield>
    <subfield code="b">Universitaria,</subfield>
    <subfield code="c">1969.</subfield>
  </datafield>
  <datafield tag="300" ind1=" " ind2=" ">
    <subfield code="a">578 p. : </subfield>
    <subfield code="c">23 cm.</subfield>
  </datafield>
  <datafield tag="500" ind1=" " ind2=" ">
    <subfield code="a">Incluye &#xED;ndice de materias.</subfield>
  </datafield>
  <datafield tag="500" ind1=" " ind2=" ">
    <subfield code="a">Incluye referencias bibliogr&#xE1;ficas al final de los cap&#xED;tulos</subfield>
  </datafield>
  <datafield tag="505" ind1=" " ind2=" ">
    <subfield code="a">Cap&#xED;tulo : </subfield>
    <subfield code="t">Pr&#xF3;logo a la quinta edici&#xF3;n revisada --</subfield>
    <subfield code="t">Pr&#xF3;logo a la primera edici&#xF3;n --</subfield>
    <subfield code="t">Reconocimiento --</subfield>
    <subfield code="t">Indice de materia --</subfield>
  </datafield>
  <datafield tag="505" ind1=" " ind2=" ">
    <subfield code="a">Parte I : Introducci&#xF3;n</subfield>
    <subfield code="t">I. Orientaci&#xF3;n general --</subfield>
    <subfield code="t">II. Breve historia de la psicolog&#xED;a --</subfield>
    <subfield code="t">III. El m&#xE9;todo de  la psicolog&#xED;a --</subfield>
  </datafield>
  <datafield tag="505" ind1=" " ind2=" ">
    <subfield code="a">Parte II : El desarrollo humano.</subfield>
    <subfield code="t">IV. El desarrollo f&#xED;sico --</subfield>
    <subfield code="t">V. El desarrollo motor --</subfield>
    <subfield code="t">VI. El desarrollo emocional --</subfield>
    <subfield code="t">VII. El desarrollo social --</subfield>
    <subfield code="t">VIII. El desarrollo mental --</subfield>
    <subfield code="t">IX. El desarrollo moral --</subfield>
  </datafield>
  <datafield tag="505" ind1=" " ind2=" ">
    <subfield code="a">Parte III : La personalidad y la higiene mental .</subfield>
    <subfield code="t">X. La personalidad --</subfield>
    <subfield code="t">XI. La higiene mental y los ajustes del individuo --</subfield>
  </datafield>
  <datafield tag="505" ind1=" " ind2=" ">
    <subfield code="a">Parte IV : El  aprendizaje humano.</subfield>
    <subfield code="t">XII. Dos teor&#xED;as sobre el aprendizaje --</subfield>
    <subfield code="t">XIII. La naturaleza del aprendizaje --</subfield>
    <subfield code="t">XIV . Tipos de aprendizaje --</subfield>
    <subfield code="t">XV. La evaluaci&#xF3;n en la escuela moderna</subfield>
  </datafield>
  <datafield tag="590" ind1=" " ind2=" ">
    <subfield code="a">Inventariado, 2022 / SA</subfield>
  </datafield>
  <datafield tag="650" ind1=" " ind2="4">
    <subfield code="9">81150</subfield>
    <subfield code="a">Psicopedagog&#xED;a</subfield>
  </datafield>
  <datafield tag="910" ind1=" " ind2=" ">
    <subfield code="a">Saquino/Validado. Control de calidad MFF</subfield>
  </datafield>
  <datafield tag="942" ind1=" " ind2=" ">
    <subfield code="2">ddc</subfield>
    <subfield code="c">LBS1</subfield>
  </datafield>
  <datafield tag="952" ind1=" " ind2=" ">
    <subfield code="0">0</subfield>
    <subfield code="1">0</subfield>
    <subfield code="2">ddc</subfield>
    <subfield code="5">3</subfield>
    <subfield code="7">0</subfield>
    <subfield code="8">GR</subfield>
    <subfield code="a">BNPHU</subfield>
    <subfield code="b">BNPHU</subfield>
    <subfield code="c">HD</subfield>
    <subfield code="d">2015-07-21</subfield>
    <subfield code="e">Donado</subfield>
    <subfield code="l">0</subfield>
    <subfield code="o">BNPHU GR  370.15 S211p 1969</subfield>
    <subfield code="p">2022-0655</subfield>
    <subfield code="r">2022-02-07</subfield>
    <subfield code="w">2022-02-07</subfield>
    <subfield code="y">LBS1</subfield>
    <subfield code="z">Perteneci&#xF3; a la biblioteca personal de Barbara Suncar</subfield>
  </datafield>
  <datafield tag="999" ind1=" " ind2=" ">
    <subfield code="c">51367</subfield>
    <subfield code="d">51367</subfield>
  </datafield>
</record>
